<?xml version="1.0" encoding="UTF-8"?>
<record
    xmlns:xsi="http://www.w3.org/2001/XMLSchema-instance"
    xsi:schemaLocation="http://www.loc.gov/MARC21/slim http://www.loc.gov/standards/marcxml/schema/MARC21slim.xsd"
    xmlns="http://www.loc.gov/MARC21/slim">

  <leader>02750nab a2200421 i 4500</leader>
  <controlfield tag="001">25924</controlfield>
  <controlfield tag="003">FINmELB</controlfield>
  <controlfield tag="005">20241216215848.0</controlfield>
  <controlfield tag="006">m     o  u        </controlfield>
  <controlfield tag="007">cr cn|||||||||</controlfield>
  <controlfield tag="008">230522c20119999cl fr p  o    0    0spa d</controlfield>
  <datafield tag="022" ind1=" " ind2=" ">
    <subfield code="a">0717-3512</subfield>
  </datafield>
  <datafield tag="035" ind1=" " ind2=" ">
    <subfield code="a">(OCoLC)1379806487</subfield>
  </datafield>
  <datafield tag="040" ind1=" " ind2=" ">
    <subfield code="a">FINmELB</subfield>
    <subfield code="b">spa</subfield>
    <subfield code="e">rda</subfield>
    <subfield code="c">FINmELB</subfield>
  </datafield>
  <datafield tag="050" ind1=" " ind2="4">
    <subfield code="a">H62.A1</subfield>
    <subfield code="b">A784 2011</subfield>
  </datafield>
  <datafield tag="080" ind1=" " ind2=" ">
    <subfield code="a">303</subfield>
  </datafield>
  <datafield tag="082" ind1="0" ind2="4">
    <subfield code="a">301</subfield>
    <subfield code="2">23</subfield>
  </datafield>
  <datafield tag="100" ind1="1" ind2=" ">
    <subfield code="a">Artese, Mat&#xED;as,</subfield>
    <subfield code="e">autor.</subfield>
  </datafield>
  <datafield tag="245" ind1="1" ind2="4">
    <subfield code="a">Las declaraciones p&#xFA;blicas sobre la protesta social en Argentina. Un acercamiento al an&#xE1;lisis de las representaciones del conflicto =</subfield>
    <subfield code="b">Public statements about the social protest in Argentina. An approach to the analysis of the conflict's representations /</subfield>
    <subfield code="c">Mat&#xED;as Artese.</subfield>
  </datafield>
  <datafield tag="264" ind1=" " ind2="1">
    <subfield code="a">Concepci&#xF3;n :</subfield>
    <subfield code="b">Universidad de Concepci&#xF3;n. Departamento de Sociolog&#xED;a,</subfield>
    <subfield code="c">2011.</subfield>
  </datafield>
  <datafield tag="310" ind1=" " ind2=" ">
    <subfield code="a">Semestral</subfield>
  </datafield>
  <datafield tag="336" ind1=" " ind2=" ">
    <subfield code="a">texto</subfield>
    <subfield code="b">txt</subfield>
    <subfield code="2">rdacontent/spa</subfield>
  </datafield>
  <datafield tag="337" ind1=" " ind2=" ">
    <subfield code="a">computadora</subfield>
    <subfield code="b">c</subfield>
    <subfield code="2">rdamedia/spa</subfield>
  </datafield>
  <datafield tag="338" ind1=" " ind2=" ">
    <subfield code="a">recurso en l&#xED;nea</subfield>
    <subfield code="b">cr</subfield>
    <subfield code="2">rdacarrier/spa</subfield>
  </datafield>
  <datafield tag="520" ind1=" " ind2=" ">
    <subfield code="a">El presente articulo expone algunos resultados obtenidos en una tesis doctoral en la que estudiamos la vinculaci&#xF3;n entre el conflicto fisico y simb&#xF3;lico en distintos hechos de protesta. El objetivo sera presentar algunos ejes te&#xF3;ricos y metodol&#xF3;gicos para el analisis de las representaciones del conflicto a traves de seis protestas en Argentina entre 1996 y 2002i Utilizando algunas herramientas del Analisis Critico del Discurso, proponemos analizar las declaraciones publicadas en la prensa grafica en episodios signados por el corte de ruta como la principal metodologia de protesta, La caracteristica principal de esos hechos es la alta magnitud de enfrentamiento &#xA1;fisico y simb&#xF3;licoi entre los sujetos involucrados, Tomamos a las declaraciones como unidades de an&#xE1;lisis, para presentar las caracteristicas principales de las interpretaciones del conflicto social en ese periodo de tiempo.</subfield>
  </datafield>
  <datafield tag="580" ind1=" " ind2=" ">
    <subfield code="a">Descripci&#xF3;n basada en Sociedad hoy, n. 21 (2do Sem. 2011), P. 109-127.</subfield>
  </datafield>
  <datafield tag="588" ind1=" " ind2=" ">
    <subfield code="a">Descripci&#xF3;n basada en metadatos suministrados por el editor y otras fuentes.</subfield>
  </datafield>
  <datafield tag="590" ind1=" " ind2=" ">
    <subfield code="a">Recurso electr&#xF3;nico. Santa Fe, Arg.: elibro, 2023. Disponible v&#xED;a World Wide Web. El acceso puede estar limitado para las bibliotecas afiliadas a elibro.</subfield>
  </datafield>
  <datafield tag="650" ind1=" " ind2="4">
    <subfield code="a">Declaraciones p&#xFA;blicas.</subfield>
  </datafield>
  <datafield tag="650" ind1=" " ind2="4">
    <subfield code="a">Discurso.</subfield>
  </datafield>
  <datafield tag="650" ind1=" " ind2="4">
    <subfield code="a">Protesta social.</subfield>
  </datafield>
  <datafield tag="650" ind1=" " ind2="4">
    <subfield code="a">Representaciones sociales.</subfield>
  </datafield>
  <datafield tag="650" ind1=" " ind2="4">
    <subfield code="a">Represi&#xF3;n.</subfield>
  </datafield>
  <datafield tag="655" ind1=" " ind2="4">
    <subfield code="a">Art&#xED;culos electr&#xF3;nicos.</subfield>
  </datafield>
  <datafield tag="773" ind1="1" ind2=" ">
    <subfield code="t">Sociedad hoy.</subfield>
    <subfield code="x">ISSN0717-3512</subfield>
    <subfield code="d">Concepci&#xF3;n : Universidad de Concepci&#xF3;n. Departamento de Sociolog&#xED;a.</subfield>
    <subfield code="g">n. 21 (2do Sem. 2011), p. 109-127</subfield>
  </datafield>
  <datafield tag="797" ind1="2" ind2=" ">
    <subfield code="a">elibro, Corp.</subfield>
  </datafield>
  <datafield tag="856" ind1="4" ind2="0">
    <subfield code="u">https://elibro.net/ereader/politecnicointernacional/11164</subfield>
  </datafield>
  <datafield tag="999" ind1=" " ind2=" ">
    <subfield code="c">25924</subfield>
    <subfield code="d">25924</subfield>
  </datafield>
</record>
